000 01738nam a2200397Ia 4500
001 dia_5720
003 CHAP
005 20240315105124.0
007 ta
008 220117s2008 mx dbo f 001 0 spa d
040 _cCHAP
_amxchpua
090 _aT.C.473
_bM45 SAI
_c2008
245 1 0 _aBovinos de carne en el estado de Campeche /
_ccoordinador Amilcar Renan Mejenes Quijano y Hermilo Suárez Domínguez ; colaboradores Juan Carlos Cuevas Bernardino...[et al.]
260 _aMéxico :
_bEl autor,
_c2008
300 _a51 hojas :
_bilustraciones, tablas, mapas, gráficas
336 _2rdacontent
_atexto
_btxt
337 _2rdamedia
_ano mediado
_bn
338 _2rdacarrier
_avolumen
_bnc
500 _aGrado 6° Grupo 4
502 _aViaje de Estudios
_b(SAI) --
_cUACh. Departamento de Ingeniería Agroindustrial,
_d2008
504 _aBibliografía: hoja 51
505 0 0 _tEmpresas visitadas: -- 1. FIRA -- 2. Sociedad Cooperativa de Ganaderos Unidos de Candelaria -- 3. Asociación General Local de Palizada -- 4. Rancho Santa Elena -- 5. Rancho San Román -- 6. A. R. I. C. Frigirífico de Campeche de R. L.
650 1 3 _aGanado de carne
_945067
650 1 3 _aIndustria del ganado y de la carne
_9159442
_zMéxico
_zCampeche
650 1 3 _aBeef cattle
_9138032
650 1 3 _aLivestock and meat industry
_9159443
_zMexico
_zCampeche
700 1 _aMejenes Quijano, Amilcar Renán
_9147387
_ecoordinador
700 1 _aSuárez Domínguez, Hermilo
_ecoordinador
_9110687
700 1 _aCuevas Bernardino, Juan Carlos
_930148
_ecolaborador
901 _aT.C.473 M45 SAI 2008
902 _aM
905 _a523227[2008?] mx dbnm8223123322spa16
942 _2local
942 _cVE
999 _c176737
_d176737